000 00353nam a2200157Ia 4500
008 200601s9999 xx 000 0 und d
020 _a0-440-19348-6
050 _aFIC Aa7v
050 _b1982
100 _aAsheim, Ashley
245 0 _aVulcan Rising /
260 _aNew York :
260 _bDel Books.
260 _c1982
300 _a299 pages :
999 _c363451
_d363451